Normal view MARC view
  • Rodríguez López, Amanda

Entry Nombre Personal

Number of records used in: 1

001 - NUMERO DE CONTROL

  • campo de control: 47556

003 - IDENTIFICADOR DE NUMERO DE CONTROL

  • campo de control: UPN

005 - FECHA Y HORA DE LA ÜLTIMA TRANSACCIÓN

  • campo de control: 20230111120919.0

008 - DATOS DE LONGITUD FIJA

  • campo de control de longitud fija: 221206|| acn||aabn | a|a d

024 ## - OTROS IDENTIFICADORES NORMALIZADOS

  • Fuente: orcid
  • Número normalizado o código: 0000-0002-3514-4106

040 ## - FUENTE DE CATALOGACIÓN

  • Agencia original de catalogación: MX-MxUPN

100 1# - ENCABEZAMIENTO - NOMBRE PERSONAL

  • Nombre personal: Rodríguez López, Amanda

370 ## - LUGAR ASOCIADO

  • Place of birth: Colombia

371 ## - DIRECCIÓN

  • Electronic mail address: amanda.rodriguez1@unisabana.edu.co

372 ## - CAMPO DE ACTIVIDAD

  • Field of activity: Educación y salud pública
  • Field of activity: Sexualidad humana, afectividad, vida humana
  • Field of activity: Docencia
  • Field of activity: Investigación

373 ## - GRUPO ASOCIADO

  • Associated group: Universidad Pompeu Fabra. Fisioterapeuta, Universidad del Rosario

374 ## - OCUPACIÓN

  • Occupation: Profesor universitario
  • Start period: Investigador

375 ## - GÉNERO

  • Gender: femenino

377 ## - LENGUA ASOCIADA

  • Language code: spa

400 1# - VEÁSE - NOMBRE DE PERSONA

  • Personal name: López, A.R.

400 1# - VEÁSE - NOMBRE DE PERSONA

  • Personal name: Rodríguez-López, Amanda

670 ## - FUENTE EN LA QUE SE LOCALIZARON DATOS

  • Cita de la fuente: En recurso en línea Academia y virtualidad, Vol. 12, no. 2 (2019):
  • Información localizada: página 95 (Amanda Rodríguez López)
  • Uniform Resource Identifier: https://revistas.unimilitar.edu.co/index.php/ravi/article/view/4338/3628

902 ## - CATALOGADOR

  • Catalogador: RGJD/061222